| 000 | 00623nac a22001811u 4500 | ||
|---|---|---|---|
| 020 | _a812420215X | ||
| 082 |
_a338.5 _bSa737 |
||
| 090 |
_c2175 _d2175 |
||
| 100 | _aSarkar, Manoj Kumar | ||
| 245 |
_aManagerial economics / _cManoj Kumar Sarkar |
||
| 260 |
_aNew Delhi : _bCrest Pub. house ,2000 _c2000 . |
||
| 300 |
_avii,154 p. ; _c18 cm. |
||
| 504 | _aBiblioraphy:p.152-154 | ||
| 650 | _aManagerial economics | ||
| 650 | _aDecision making | ||
| 942 |
_cBB _k338.5 Sa737 |
||
| 999 |
_c2175 _d2175 |
||